LEADER 00790nam0-22002891i-450- 001 990003335940403321 005 20060329130118.0 010 $a0816024812 035 $a000333594 035 $aFED01000333594 035 $a(Aleph)000333594FED01 035 $a000333594 100 $a20030910d--------km-y0itay50------ba 101 0 $aeng 105 $ay-------001yy 200 1 $aAtlas of economic issues$fBill Macmillan, Gordon Fell 210 $aNew York$cFacts on File,$dc1992 676 $a330.7 700 1$aMacmillan,$bBill$0132278 701 1$aFell,$bGordon$0292041 801 0$aIT$bUNINA$gRICA$2UNIMARC 901 $aBK 912 $a990003335940403321 952 $a330.7 MAC$bLINGUE 2252$fDECLI 959 $aDECLI 996 $aAtlas of economic issues$9448388 997 $aUNINA LEADER 01589nam 2200433 450 001 996466836503316 005 20221106112455.0 010 $a981-16-9844-9 035 $a(MiAaPQ)EBC6939990 035 $a(Au-PeEL)EBL6939990 035 $a(CKB)21425633500041 035 $a(PPN)261525239 035 $a(EXLCZ)9921425633500041 100 $a20221106d2022 uy 0 101 0 $aeng 135 $aurcnu|||||||| 181 $ctxt$2rdacontent 182 $cc$2rdamedia 183 $acr$2rdacarrier 200 10$aHeisenberg's uncertainty principle and the electron statistics in quantized structures /$fKamakhya Prasad Ghatak, Madhuchhanda Mitra, and Arindam Biswas 210 1$aSingapore :$cSpringer,$d[2022] 210 4$dİ2022 215 $a1 online resource (253 pages) 311 08$aPrint version: Ghatak, Kamakhya Prasad Heisenberg's Uncertainty Principle and the Electron Statistics in Quantized Structures Singapore : Springer Singapore Pte. Limited,c2022 9789811698439 606 $aCompound semiconductors 606 $aCompound semiconductors$xDesign and construction 615 0$aCompound semiconductors. 615 0$aCompound semiconductors$xDesign and construction. 676 $a621.38152 700 $aGhatak$b Kamakhya Prasad$0524116 702 $aMitra$b Madhuchhanda 702 $aBiswas$b Arindam 801 0$bMiAaPQ 801 1$bMiAaPQ 801 2$bMiAaPQ 906 $aBOOK 912 $a996466836503316 996 $aHeisenberg's uncertainty principle and the electron statistics in quantized structures$92962419 997 $aUNISA